|
|
|
|
| LEADER |
01181nam a2200289 u 4500 |
| 001 |
10010335 |
| 003 |
GR-PaULI |
| 005 |
20240327063304.0 |
| 008 |
881025s1984 ne eng |
| 020 |
|
|
|a 9027715750
|
| 040 |
|
|
|a GR-PaULI
|c GR-PaULI
|b gre
|e AACR2
|
| 082 |
0 |
4 |
|a 149.7
|2 23
|
| 245 |
0 |
0 |
|a Rationality in science and politics /
|c edited by Gunnar Andersson.
|
| 260 |
|
|
|a Dordrecht :
|b D. Reidel,
|c 1984.
|
| 300 |
|
|
|a ix, 307 σ. ;
|c 23 εκ.
|
| 490 |
1 |
|
|a Boston studies in the philosophy of science
|v 79.
|
| 504 |
|
|
|6 Περιλαμβάνει βιβλιογραφικές παραπομπές και ευρετήριο.
|
| 505 |
1 |
|
|a
|
| 600 |
1 |
4 |
|9 126064
|a Radnitzky, Gerard
|
| 650 |
|
4 |
|9 145969
|a Επιστήμη
|x Φιλοσοφία
|
| 650 |
|
4 |
|9 11380
|a Ορθολογισμός
|
| 700 |
1 |
|
|9 126063
|a Andersson, Gunnar,
|d 1942-
|e επιμελητής.
|
| 830 |
|
0 |
|a Boston studies in the philosophy of science
|v 79.
|9 167264
|
| 942 |
|
|
|2 ddc
|c BKN
|
| 952 |
|
|
|0 0
|1 0
|2 ddc
|4 0
|6 Π_Σ_149_700000000000000_RAT
|7 0
|9 140237
|a LISP
|b LISP
|c REF
|d 2016-04-24
|i 22128
|l 0
|o Π/Σ 149.7 RAT
|p 025000113515
|r 2016-04-24 00:00:00
|t 1
|y BKN
|
| 998 |
|
|
|c ΜΠΟΥΡΑΣ
|d 2018-03
|
| 999 |
|
|
|c 91712
|d 91712
|